<?xml version="1.0" encoding="UTF-8"?>
<record
    xmlns:xsi="http://www.w3.org/2001/XMLSchema-instance"
    xsi:schemaLocation="http://www.loc.gov/MARC21/slim http://www.loc.gov/standards/marcxml/schema/MARC21slim.xsd"
    xmlns="http://www.loc.gov/MARC21/slim">

  <leader>00725nam a2200169 a 4500</leader>
  <controlfield tag="001">000034344</controlfield>
  <controlfield tag="005">20200930073641.0</controlfield>
  <controlfield tag="008">111003s1943    es            000 0 spa d</controlfield>
  <datafield tag="100" ind1="1" ind2=" ">
    <subfield code="a">Covarrubias Orozco, Sebasti&#xE1;n de,</subfield>
    <subfield code="d">1539-1613.</subfield>
    <subfield code="9">59767</subfield>
  </datafield>
  <datafield tag="245" ind1="1" ind2="0">
    <subfield code="a">Tesoro de la lengua castellana o espa&#xF1;ola seg&#xFA;n la impresi&#xF3;n de 1611, /</subfield>
    <subfield code="c">Sebasti&#xE1;n de Covarrubias Orozco ; con las adiciones de Benito Remigio Noydens publicidades en la de 1674.</subfield>
  </datafield>
  <datafield tag="260" ind1=" " ind2=" ">
    <subfield code="a">Barcelona :</subfield>
    <subfield code="b">S.A. Horta,</subfield>
    <subfield code="c">1943.</subfield>
  </datafield>
  <datafield tag="300" ind1=" " ind2=" ">
    <subfield code="a">xv, 1093 p. ;</subfield>
    <subfield code="c">28 cm.</subfield>
  </datafield>
  <datafield tag="533" ind1=" " ind2=" ">
    <subfield code="a">facsimil.</subfield>
    <subfield code="b">Madrid</subfield>
    <subfield code="c">Luis S&#xE1;nchez</subfield>
    <subfield code="d">1611</subfield>
  </datafield>
  <datafield tag="700" ind1="1" ind2=" ">
    <subfield code="a">Remigio Noydens, Benito</subfield>
    <subfield code="e">ed</subfield>
    <subfield code="9">59768</subfield>
  </datafield>
  <datafield tag="700" ind1="1" ind2=" ">
    <subfield code="a">Riquer, Mart&#xED;n de,</subfield>
    <subfield code="c">conde de Casa D&#xE1;valos,</subfield>
    <subfield code="d">1914-</subfield>
    <subfield code="e">ed.</subfield>
    <subfield code="9">42283</subfield>
  </datafield>
  <datafield tag="952" ind1=" " ind2=" ">
    <subfield code="0">0</subfield>
    <subfield code="1">0</subfield>
    <subfield code="5">0</subfield>
    <subfield code="7">-1</subfield>
    <subfield code="8">MO</subfield>
    <subfield code="a">GR</subfield>
    <subfield code="b">GR</subfield>
    <subfield code="c">OI</subfield>
    <subfield code="d">2011-10-03</subfield>
    <subfield code="i">LF1</subfield>
    <subfield code="l">0</subfield>
    <subfield code="o"> </subfield>
    <subfield code="p">34344-10</subfield>
    <subfield code="r">2020-06-25</subfield>
    <subfield code="w">2020-06-25</subfield>
    <subfield code="y">1</subfield>
    <subfield code="Z">No se presta</subfield>
  </datafield>
  <datafield tag="999" ind1=" " ind2=" ">
    <subfield code="c">33835</subfield>
    <subfield code="d">33835</subfield>
  </datafield>
  <datafield tag="040" ind1=" " ind2=" ">
    <subfield code="a">DO-SdBNP</subfield>
  </datafield>
</record>
